000 00462nam a2200181Ia 4500
001 10649
005 20260306161848.0
008 260306t1981||||xx |||||||||||||| ||spa||
041 _aESP
082 _a946.03
_bD88
100 _aDomínguez Ortíz, Antonio
_eAUT
245 0 _aEl antiguo régimen:
_blos Reyes Católicos y los Austrias
260 _c1981
300 _a492 páginas :
_c20 cm.
650 _aGEN
654 _aCHU
942 _cLIB
_dJUS
_fJUS
_2ddc
_n
999 _c10649
_d10649